Statystyki dla Miasta w województwie Mazowieckim

Kliknij tutaj aby rozwiązać quiz!

Ogólne statystyki

  • Ten quiz został rozwiązany 118 razy
    (109 od ostatniego zresetowania)
  • Średni wynik to 22 z 39

Statystyki odpowiedzi

LiteraMiasto% Poprawnych
WWarszawa
96%
RRadom
93%
M MMińsk Mazowiecki
84%
PPłock
84%
PPruszków
80%
N D MNowy Dwór Mazowiecki
78%
G MGrodzisk Mazowiecki
74%
OOstrołęka
74%
ŻŻyrardów
74%
SSiedlce
73%
PPiaseczno
71%
LLegionowo
70%
OOtwock
70%
WWołomin
68%
CCiechanów
65%
MMarki
59%
ZZąbki
59%
WWyszków
57%
MMława
55%
GGrójec
54%
PPłońsk
54%
O MOstrów Mazowiecka
52%
GGarwolin
47%
SSochaczew
47%
JJózefów
46%
K JKonstancin-Jeziorna
45%
PPułtusk
45%
S PSokołów Podlaski
45%
PPiastów
38%
KKozienice
37%
ŁŁomianki
36%
PPrzasnysz
36%
GGostynin
35%
SSulejówek
35%
ZZielonka
35%
SSierpc
32%
KKobyłka
31%
MMilanówek
27%
PPionki
22%

Rozkład punktacji

Percentyl według liczby udzielonych odpowiedzi

Procent ludzi z każdym wynikiem

Twoja historia wyników

Nie rozwiązałeś tego quizu od ostatniego zresetowania